00603 2200229 4500001002100000005001700021008004100038020001800079035002400097082000800121090001300129245006100142250001100203260002700214300002400241500002700265650003000292850001500322980001500337985000600352999001500358YOGYA-0209000006101920090227035856.0 ind  a979-8060-17-2 0010-020900000061019 a438 a438bTha aTHEMENbzehrwerk fiir deutsch als frend sprache kursbuch aCet. 1 aJakartabKatalisc1990 a...jilbilusc24 cm aYang diterima : Jil. 2 aBahasa jerman - Pelajaran aYOPDYOG(B) a06-02-2008 a1 aP000032956